000 00435nam a2200145Ia 4500
003 SISC
005 20180412150244.0
008 180323s9999 xx 000 0 und d
020 _a765701871
100 _aShaefer, Charles E.
245 _aShort-term psychotherapy groups for children :
_badapting group processes for specific problems
260 _aLondon :
_b1999
_cJason Aronson Inc.
300 _avii, 483 pages
942 _2lcc
_cBK
999 _c356347
_d356347